Представление документа в формате RUSMARC

ПолеНазваниеЗначение
  Тип записи a
  Библиографический уровень m
001 Контрольный номер RU/ГПНТБ России/KNIGADB/84(2=411.2)6-44/Я 73-626309515
005 Дата корректировки 20230110143101.6
010 Индекс ISBN __
a ISBN 978-5-89059-313-9
9 Тираж 1000 экз.
d Цена 526-00
100 Данные общей обработки __
a Данные общей обработки 20210220d2018 ma y0rusy028902 ca
101 Язык документа 0_
a Язык текста rus
102 Страна публикации __
a Страна публикации RU
105 Кодированные данные (монография) __
a Кодированные данные (монография) y z 000ay
181 Поле кодированных данных: вид содержания _0
a Код вида содержания (ISBD) i
182 Поле кодированных данных: тип средства _0
a Код типа средства (ISBD) n
200 Заглавие и сведения об ответственности 1_
a Заглавие Жизнь Алексея
e Сведения, относящиеся к заглавию диалоги
f Первые сведения об ответственности Александр Ярин
g Последующие сведения об ответственности [послесловие О. А. Юрьева]
203 Вид содержания и тип средства __
a Вид содержания Текст
c Тип средства непосредственный
210 Выходные данные 1_
a Место издания Санкт-Петербург
c Издательство Издательство Ивана Лимбаха
d Дата издания 2018
215 Физическое описание __
a Объем 140, [2] с.
d Формат 20 см
225 Серия 2_
a Серия Независимый альянс
330 Аннотация __
a Аннотация Легенда об этом человеке известна с V века. Своим чудовищно жестоким поступком, вовлекшим в тяжелое несчастье самых близких ему людей, он снискал славу, от которой напрасно убегал всю свою жизнь. Постичь и осознать жизненные мотивы этого святого юродивого тщетно пытались многие мыслители. Новую попытку предпринял московский прозаик и переводчик Александр Ярин.
333 Примечание о целевом назначении __
a Примечание о целевом назначении 16+. Для детей старше 16 лет
600 Персоналии _0
2 Код системы nlr_sh
a Персоналии (Фамилия) Алексий
f Даты 2-я пол. 4 в. - ок. 441 г.
c Дополнение к имени человек Божий
606 Тематические рубрики __
2 Код системы nlr_sh
a Основная рубрика Художественная литература
606 Тематические рубрики __
2 Код системы nlr_sh
a Основная рубрика Современная русская литература (произведения)
610 Ключевые слова 0_
a Ключевые слова проза
610 Ключевые слова 0_
a Ключевые слова тема религии
610 Ключевые слова 0_
a Ключевые слова тема праведников
610 Ключевые слова 0_
a Ключевые слова тема христианства
610 Ключевые слова 0_
a Ключевые слова юродивые
610 Ключевые слова 0_
a Ключевые слова тема праведности
610 Ключевые слова 0_
a Ключевые слова праведники
686 Индексы других классификаций __
2 Код системы rubbks
a Классификационный индекс 84(2=411.2)6-4
700 Автор _1
a Фамилия Ярин
b Имя А. Я.
g Полное личное имя Александр Яковлевич
f Даты 1953-
4 Код отношения 070
702 Вторичная интеллектуальная ответственность _1
a Фамилия Юрьев
b Имя О. А.
g Полное личное имя Олег Александрович
f Даты 1959-
4 Код отношения 080
801 Источник записи _0
8 ARU
8 BЛипецкая ОУНБ
8 C20180829
8 Grcr
801 Источник записи _1
8 ARU
8 BЛипецкая ОУНБ
8 C20180829
8 Grcr
2 Код формата rusmarc
801 Источник записи _0
b Организация ГПНТБ России
a Страна RU
c Дата составления 20210220
g Правила каталогизации PSBO
801 Источник записи _1
b Организация ГПНТБ России
a Страна RU
c Дата составления 20210220
g Правила каталогизации PSBO
852 Данные о местонахождении 5_
j Шифр хранения 84(2=411.2)6-4
i Авторский знак Я 73
900 Макрообъекты __
a Макрообъекты Жизнь Алексея, 2018
901 Тип документа __
a Ответственный КиК/Котельникова
t Тип документа m
903 Характеристики (МАРС) __
a Дата передачи 20220616
c Наименование библиотеки (МАРС) Муниципальное бюджетное учреждение культуры "Централизованная библиотечная система" г. Сургут (Центральная городская библиотека им. А. С. Пушкина)
990 Данные о заказе (DOS) __
j Количество экземпляров (DOS) 1
t N записи в КСУ для И/У (DOS) 202206